| 000 | 00555nam a2200193Ia 4500 | ||
|---|---|---|---|
| 005 | 20250326144812.0 | ||
| 008 | 250326s9999 xx 000 0 und d | ||
| 020 | _a0-07-011124-3 | ||
| 037 | _aTextbook | ||
| 040 |
_aFMSL _beng _cFMSL |
||
| 041 |
_aeng _2eng |
||
| 084 |
_aX:51 N4 _qFMSL |
||
| 100 |
_aClancy Kevin J. _9750133 |
||
| 245 | 0 |
_aMarketing Myths That Are Killing Business _cClancy Kevin J. |
|
| 260 |
_aNew York _bNew York, McGraw-Hill, Inc. _c1994 |
||
| 300 | _axxxv,308 | ||
| 942 |
_cTB _hX:51 N4 |
||
| 999 |
_c1305124 _d1305124 |
||